LEADER 01375nam a2200325 a 4500 001 000000146230 003 CaOOAMICUS 005 20151005105548.0 008 151005s2013 it u000 u ita r 020 $a978-88-372-2680-0 040 $aPUL$bita 041 1 $aita$heng 082 04$a190.9 100 1 $aSeifert, Josef,$d1945-$0(OLS)http://pul/name/1243 240 10$aChristian philosophy and free will.$lItaliano.$0(OLS)http://pul/title/184870 245 10$aFilosofia cristiana e libertà /$cJosef Seifert ; a cura di Gian Paolo Terravecchia. 260 $aBrescia :$bMorcelliana,$cİ2013. 300 $a99 p. ;$c19 cm 490 1 $aIl pellicano rosso. Nuova serie ;$v190 650 4$aFilosofia cristiana.$0(OLS)http://pul/subject/972 700 1 $aTerravecchia, Gian Paolo.$0(OLS)http://pul/name/80409 830 3$aIl pellicano rosso.$pNuova serie ;$v190.$0(OLS)http://pul/title/103420 850 $aPUL 852 $aPUL$W1$xSL Filosofia 3$y81$m190. 9 SEIJO 1$j169112$qDDC 21$B169895$CPULBib$Z2$F169895 $H126279 $81 941 1 $a9 996 $6020$a978-88-372-2680-0$9(OLS)http://pul/number/158813 996 $6082$a190.9$9(OLS)http://pul/classification/654 996 $6245$aFilosofia cristiana e libertà$9(OLS)http://pul/title/184871 996 $6260$aBrescia :$bMorcelliana$9(OLS)http://pul/publisher/47854 LEADER 01216nam a2200301 a 4500 001 000000152093 003 CaOOAMICUS 005 20160603132602.0 008 160603s2004 gw 000 0 ger r 020 $a3-17-017591-2* 032 $aLibriCat 040 $aPUL$bita 082 04$a190.9 100 1 $aBlum, Paul Richard.$0(OLS)http://pul/name/96787 245 10$aPhilosophieren in der Renaissance /$cPaul Richard Blum. 260 $aStuttgart :$bW. Kohlhammer,$cİ2004. 300 $a262 p. ;$c23 cm. 490 1 $aUrsprünge des Philosophierens ;$vBand 04 650 4$aFilosofia$xStoria$yRinascimento.$0(OLS)http://pul/subject/33704 830 0$aUrsprünge des Philosophierens ;$vBand 04.$0(OLS)http://pul/title/151061 850 $aPUL 852 $aPUL$W1$xSL Filosofia 3$y81$m190. 9 BLUPA 2$j174838$qDDC 21$B177393$CPULBib$Z2$F177393 $H127816 $81 941 1 $a9 996 $6020$a3-17-017591-2*$9(OLS)http://pul/number/160472 996 $6082$a190.9$9(OLS)http://pul/classification/654 996 $6245$aPhilosophieren in der Renaissance$9(OLS)http://pul/title/191452 996 $6260$aStuttgart :$bW. Kohlhammer$9(OLS)http://pul/publisher/48214